000 00602nam a2200241 a 4500
001 nice12345678
003 IN_TiNIC
005 20260116011915.0
008 050524s1961 mysa grp 000 0 eng
020 _a
_c100
082 0 0 _a270
_bFIR
100 _aFirth, Cyril Bruce
245 _aIntroduction to Indian Church History
260 _aMysore
_bChristian Literature Society
_c1961
300 _a272p
500 _aincludes index and biblioraphy
505 2 _aIndex, Maps
650 _aChurch-History
700 1 _aFirth, Cyril Bruce
902 _bSRS
942 _cBK
999 _c4857
_d4857